000 00733cam a2200253Ia 4500
008
020 _a9780857029140 (pbk.)
049 _aMAIN
090 _aH61.24
_bCHA
100 1 _aCharmaz, Kathy,
_d1939-
245 1 0 _aConstructing grounded theory /
_cKathy Charmaz
250 _a2nd ed.
260 _aLondon :
_bSage,
_cc2014
300 _axxi, 388 p. :
_bill. ;
_c24 cm
440 1 _aIntroducing qualitative methods
504 _aIncludes bibliographical references (p. [346]-378)
500 _aIncludes index.
650 0 _aGrounded theory
907 _a.b10375004
_b28-09-17
_c14-09-16
003
005 20230123122228.0
040 _cNUST
942 _cBOOKS
_kH61.24
_mCHA
999 _c130036
_d130036